[Event "Padova op-A 17th"]
[Site "Padova"]
[Date "2014.12.16"]
[Round "3.27"]
[White "Mileto, Gabriele"]
[Black "Polese, Marco"]
[Result "1/2-1/2"]
[WhiteElo "2175"]
[BlackElo "1897"]
[PlyCount "76"]
[EventDate "2014.12.14"]
[EventType "swiss"]
[EventRounds "9"]
[EventCountry "ITA"]
[SourceTitle "EXT 2024"]
[Source "ChessBase"]
[SourceDate "2023.10.10"]
[SourceVersion "1"]
[SourceVersionDate "2023.10.10"]
[SourceQuality "1"]

1. c4 Nf6 2. g3 g6 3. Bg2 Bg7 4. Nc3 0-0 5. e4 d6 6. Nf3 e5 7. 0-0 Nc6 8. d3 Nh5 9. Be3 Be6 10. Qd2 Qd7 11. Nd5 Nd4 12. Nxd4 exd4 13. Bh6 c6 14. Bxg7 Kxg7 15. Nf4 Nxf4 16. Qxf4 f6 17. b4 h5 18. h4 Qe7 19. Qd2 g5 20. f4 gxh4 21. f5 Bf7 22. gxh4 Qe5 23. Qf4 Kh7 24. Qxe5 dxe5 25. Kf2 Rfc8 26. a3 b5 27. cxb5 cxb5 28. Rfc1 Rc3 29. Rxc3 dxc3 30. Rc1 Rc8 31. Ke3 c2 32. Kd2 Bb3 33. Bf3 Kh6 34. Rg1 Bf7 35. Be2 a6 36. Kc1 Rc3 37. Kb2 Rb3+ 38. Kxc2 Rxa3 1/2-1/2

[Event "Chioggia op-A 09th"]
[Site "Chioggia"]
[Date "2014.10.11"]
[Round "3"]
[White "Balzan, Alessandro"]
[Black "Polese, Marco"]
[Result "1-0"]
[WhiteElo "1921"]
[BlackElo "1910"]
[PlyCount "79"]
[EventDate "2014.10.10"]
[EventType "swiss"]
[EventRounds "5"]
[EventCountry "ITA"]
[SourceTitle "EXT 2022"]
[Source "ChessBase"]
[SourceDate "2021.10.06"]
[SourceVersion "1"]
[SourceVersionDate "2021.10.06"]
[SourceQuality "1"]

1. e4 e6 2. d4 d5 3. Nc3 Nf6 4. Bg5 Be7 5. e5 Nfd7 6. Bxe7 Qxe7 7. f4 a6 8. Nf3 c5 9. Be2 Nc6 10. Qd2 b5 11. a3 Nb6 12. dxc5 Qxc5 13. b4 Qe7 14. 0-0 Bb7 15. Qe3 Qc7 16. Nd4 Nxd4 17. Qxd4 Rc8 18. Rf3 Nc4 19. a4 Qc6 20. axb5 axb5 21. Bxc4 dxc4 22. Ra5 Rd8 23. Qe3 Ba6 24. Qc5 Qxc5+ 25. bxc5 Bb7 26. Rg3 b4 27. Rb5 bxc3 28. Rxb7 Rd1+ 29. Kf2 Rd2+ 30. Ke1 0-0 31. Rxc3 Rxg2 32. c6 Ra8 33. Kf1 Rxh2 34. Kg1 Rd2 35. Rb1 Rc8 36. c7 Rd7 37. Rxc4 Re7 38. Rb8 Ree8 39. Rxc8 Rxc8 40. Rd4 1-0

[Event "Noale Szabados Memorial-B 3rd"]
[Site "Noale"]
[Date "2010.02.07"]
[Round "4"]
[White "Tonolo, Maurizio"]
[Black "Polese, Marco"]
[Result "1-0"]
[WhiteElo "1756"]
[BlackElo "1909"]
[PlyCount "103"]
[EventDate "2010.02.05"]
[EventType "swiss"]
[EventRounds "5"]
[EventCountry "ITA"]
[SourceTitle "EXT 2022"]
[Source "ChessBase"]
[SourceDate "2021.10.06"]
[SourceVersion "1"]
[SourceVersionDate "2021.10.06"]
[SourceQuality "1"]

1. c4 e6 2. Nc3 c6 3. d4 d5 4. e3 Nf6 5. Nf3 Nbd7 6. Bd3 Be7 7. 0-0 b6 8. Qc2 Bb7 9. b3 Rc8 10. Bb2 a6 11. Qe2 a5 12. Rac1 0-0 13. Rfd1 Re8 14. e4 Nf8 15. e5 Nh5 16. g3 g6 17. cxd5 exd5 18. Nd2 Ne6 19. Qe3 b5 20. Ne2 Qb6 21. Nf3 c5 22. dxc5 Bxc5 23. Ned4 Ba6 24. Be2 Nhg7 25. g4 Rc7 26. Qh6 Rec8 27. Nxe6 Bxf2+ 28. Kg2 Nxe6 29. Rxc7 Rxc7 30. Ng5 Nxg5 31. Qxg5 Qe3 32. Qd8+ Kg7 33. e6+ Rc3 34. Bxc3+ Qxc3 35. Kxf2 Qc5+ 36. Kf3 Bb7 37. Kg3 Qe3+ 38. Bf3 d4 39. Rf1 Bxf3 40. Rxf3 Qe1+ 41. Kg2 Qe2+ 42. Kg3 Qe1+ 43. Kh3 Qxe6 44. Qxd4+ f6 45. Re3 Qc6 46. Re7+ Kh6 47. Qe3+ g5 48. Re6 Qd5 49. Rxf6+ Kg7 50. Qe7+ Kh8 51. Rf8+ Qg8 52. Qf6# 1-0